000 00288nam a22001337a 4500
003 SGT
020 _a9781482234909
082 _bOKU
100 _aOKUDA, MARK M.
245 _aA HANDS ON INTRODUCTION TO FORENSIC SCIENCE
260 _bCRC PRESS
_c2015
300 _a493
942 _2ddc
_cBK
999 _c15794
_d15794